Ylikansoittuneimmat valtiot - Statistics

Yleistilastot
  • Tätä visaa on pelattu 1 326 kertaa
  • Keskiarvotulos 14 / 20
Vastaustilastot
Ylikansoitus Valtio % Oikein
1221 milj. Intia
99%
885 milj. Kiina
98%
103 milj. Japani
87%
166 milj. Indonesia
80%
159 milj. Bangladesh
77%
162 milj. Nigeria
76%
177 milj. Pakistan
75%
39,6 milj. Thaimaa
73%
63,1 milj. Saksa
70%
45,4 milj. Etelä-Korea
68%
29,7 milj. Ranska
68%
79,4 milj. Vietnam
68%
94,8 milj. Filippiinit
64%
46,6 milj. Egypti
62%
42,3 milj. Italia
61%
54,2 milj. Yhdistynyt kuningaskunta
61%
39,5 milj. Turkki
57%
55,1 milj. Etiopia
52%
21,7 milj. Taiwan
46%
34,4 milj. Uganda
27%
Ehtoja vastaavia visoja ei löytynyt
Tulosjakauma
Jokaisen tuloksen saaneiden osuus
Persentiili vastausten määrän mukaan
Tuloshistoriasi
Et ole pelannut tätä visaa